[Event "Schachfestival IM 2018"]
[Site "Lueneburg"]
[Date "2018.07.05"]
[Round "1"]
[White "Lubbe, Melanie"]
[Black "Fuchs, Judith"]
[Result "1/2-1/2"]
[WhiteElo "2332"]
[BlackElo "2289"]
[Annotator "NA"]
[PlyCount "117"]
[EventDate "2018.07.05"]
[EventType "tourn"]
[EventCountry "GER"]
[SourceTitle "playchess.com"]
[Source "ChessBase"]
[SourceQuality "1"]
[TimeControl "40/5400+30:1800+30"]

1. e4 {[%emt 0:00:00]} c5 {[%emt 0:00:00]} 2. Nf3 {[%emt 0:00:00]} d6 {[%emt 0:00:00]} 3. d4 {[%emt 0:00:00]} cxd4 {[%emt 0:00:00]} 4. Nxd4 {[%emt 0:00:00]} Nf6 {[%emt 0:00:00]} 5. Nc3 {[%emt 0:00:00]} a6 {[%emt 0:00:00]} 6. Be3 {[%emt 0:00:06]} e6 {[%emt 0:00:12]} 7. Be2 {[%emt 0:00:11]} Nbd7 {[%emt 0:00:12]} 8. f4 {[%emt 0:01:10]} b5 {[%emt 0:00:31]} 9. Bf3 {[%emt 0:05:35] B84: Sicilian Scheveningen: 6 Be2 a6, lines without early Be3} Bb7 {[%emt 0:01:56]} 10. e5 {[%emt 0:05:38]} Bxf3 {[%emt 0:00:40]} 11. Nxf3 {[%emt 0:00:05]} Ng4 {[%emt 0:02:07]} 12. Bd4 {[%emt 0:00:31]} dxe5 {[%emt 0:01:08]} 13. fxe5 {[%emt 0:03:41]} Qc7 {[%emt 0:05:55]} 14. Qe2 {[%emt 0:26:48]} Bc5 {[%emt 0:18:09] [#]} 15. O-O-O $146 {[%emt 0:08:56]} ({Predecessor:} 15. Bxc5 Qxc5 16. O-O-O Qe3+ {½-½ (39) Karjakin,S (2756)-Grischuk,A (2783) Beijing 2013}) 15... Bxd4 {[%emt 0:07:04]} 16. Rxd4 {[%emt 0:00:04]} Ngxe5 {[%emt 0:03:36]} 17. Rhd1 {[%emt 0:03:14]} O-O {[%emt 0:05:17]} 18. Kb1 {[%emt 0:06:48]} Rfe8 {[%emt 0:09:28]} 19. a3 {[%emt 0:10:21]} Re7 {[%emt 0:07:55]} 20. Qe4 {[%emt 0:07:54]} Rae8 {[%emt 0:02:23]} 21. Nxe5 $1 {[%emt 0:07:09]} ({Much weaker is} 21. Ng5 f5 $17) 21... Nxe5 {[%emt 0:00:19]} 22. Rd6 {[%emt 0:00:22]} Nd7 {[%emt 0:10:17]} 23. Qd4 {[%emt 0:00:08]} Nc5 {[%emt 0:04:09]} (23... Nf6 $1 $15 {behält die Oberhand.}) 24. h4 {[%emt 0:01:12]} (24. b4 $14 Na4 25. Nxa4 bxa4 26. Qb6) 24... e5 {[%emt 0:02:00]} 25. Qd5 {[%emt 0:03:11]} Re6 {[%emt 0:04:03]} 26. Rd8 {[%emt 0:00:30]} Kf8 {[%emt 0:02:26]} 27. Rxe8+ {[%emt 0:03:06]} Rxe8 {[%emt 0:00:19]} 28. Rf1 {[%emt 0:00:52]} Kg8 {[%emt 0:04:58]} 29. Rf5 {[%emt 0:02:14]} h6 {[%emt 0:01:04]} 30. g4 {[%emt 0:00:15]} Qe7 {[%emt 0:03:25]} 31. Qc6 {[%emt 0:01:01]} Rd8 {[%emt 0:01:33]} 32. h5 {[%emt 0:02:48]} f6 {[%emt 0:01:33]} 33. Rf1 {[%emt 0:00:59]} Qd6 {[%emt 0:01:34]} 34. Qf3 {[%emt 0:00:05]} Qe6 {[%emt 0:00:35]} 35. Qe3 {[%emt 0:01:00]} Qc4 {[%emt 0:00:51]} 36. Re1 {[%emt 0:01:03]} Qd4 {[%emt 0:00:58]} 37. Qe2 {[%emt 0:00:13]} (37. Qf3 $142 Na4 38. Nxa4 Qxa4 39. b4) 37... Na4 {[%emt 0:00:48]} 38. Nxa4 {[%emt 0:00:33]} Qxa4 {[%emt 0:00:15]} 39. Rd1 {[%emt 0:01:07]} Qa5 {[%emt 0:01:08]} 40. Rd3 {[%emt 0:00:32]} Qc7 {[%emt 0:00:31]} 41. b3 {[%emt 0:09:01]} (41. Rxd8+ $11 {remains equal.} Qxd8 42. Qe4) 41... Rxd3 {[%emt 0:06:10]} 42. Qxd3 {[%emt 0:00:06]} Qc6 $15 {[%emt 0:00:53]} 43. Qf5 {[%emt 0:05:34]} Kf8 {[%emt 0:04:31]} 44. Kb2 {[%emt 0:00:44]} e4 {[%emt 0:01:35]} 45. Qf2 {[%emt 0:04:57]} Qe6 {[%emt 0:02:14]} 46. Qe2 {[%emt 0:00:15]} Qe5+ {[%emt 0:00:49]} 47. c3 {[%emt 0:01:10]} e3 {[%emt 0:03:10]} 48. Kc2 {[%emt 0:02:12]} Qe4+ {[%emt 0:00:59]} 49. Kc1 {[%emt 0:00:06]} Kf7 {[%emt 0:02:12]} 50. c4 {[%emt 0:00:30]} Qd4 {[%emt 0:02:15]} 51. Kc2 {[%emt 0:00:39]} Ke6 {[%emt 0:01:32]} 52. Qd3 {[%emt 0:03:18]} Qxg4 {[%emt 0:04:38]} 53. Qxe3+ {[%emt 0:00:11]} Kf7 {[%emt 0:00:35]} 54. Qa7+ {[%emt 0:01:14]} Kg8 {[%emt 0:00:51]} 55. Qxa6 {[%emt 0:02:07]} Qe2+ {[%emt 0:00:33]} 56. Kc3 {[%emt 0:00:24]} Qe1+ {[%emt 0:00:08]} 57. Kc2 {[%emt 0:00:30]} Qe2+ {[%emt 0:00:43]} 58. Kc3 {[%emt 0:00:07]} Qe1+ {[%emt 0:00:03]} 59. Kc2 {[%emt 0:02:06]} 1/2-1/2

[Event "Schachfestival IM 2018"]
[Site "Lueneburg"]
[Date "2018.07.05"]
[Round "1"]
[White "Wenzel, Birger"]
[Black "Polster, Christian"]
[Result "1-0"]
[WhiteElo "2084"]
[BlackElo "2286"]
[Annotator "ChessBase"]
[PlyCount "81"]
[EventDate "2018.07.05"]
[EventType "tourn"]
[EventCountry "GER"]
[SourceTitle "playchess.com"]
[Source "ChessBase"]
[SourceQuality "1"]
[TimeControl "40/5400+30:1800+30"]

1. e4 {[%emt 0:00:00]} c5 {[%emt 0:00:12]} 2. Nf3 {[%emt 0:00:00]} d6 {[%emt 0:00:22]} 3. Bb5+ {[%emt 0:00:00]} Nd7 {[%emt 0:00:36]} 4. O-O {[%emt 0:00:02]} a6 {[%emt 0:00:24]} 5. Bxd7+ {[%emt 0:00:24]} Bxd7 {[%emt 0:00:25]} 6. d4 {[%emt 0:00:09]} cxd4 {[%emt 0:01:49]} 7. Qxd4 {[%emt 0:00:14]} Nf6 {[%emt 0:06:26]} 8. Bg5 {[%emt 0:00:49]} e6 {[%emt 0:02:44]} 9. Nc3 {[%emt 0:01:19]} Bc6 {[%emt 0:05:26]} 10. Rad1 {[%emt 0:01:57]} Be7 {[%emt 0:01:09]} 11. e5 {[%emt 0:14:45]} Bxf3 {[%emt 0:08:24]} 12. exf6 {[%emt 0:02:04]} gxf6 {[%emt 0:01:36]} 13. gxf3 {[%emt 0:04:08]} Rg8 {[%emt 0:00:30]} 14. f4 {[%emt 0:05:52]} h6 {[%emt 0:07:25]} 15. Rfe1 {[%emt 0:05:09]} f5 {[%emt 0:05:57]} 16. h4 {[%emt 0:05:29]} Qc7 {[%emt 0:06:12]} 17. Rd3 {[%emt 0:03:29]} Rc8 {[%emt 0:11:40]} 18. Nd5 {[%emt 0:05:45]} Qd8 {[%emt 0:07:49]} 19. Nxe7 {[%emt 0:15:41]} Qxe7 {[%emt 0:00:26]} 20. c3 {[%emt 0:01:11]} Rc6 {[%emt 0:09:10]} 21. a4 {[%emt 0:00:49]} hxg5 {[%emt 0:05:57]} 22. hxg5 {[%emt 0:03:18]} Qc7 {[%emt 0:06:13]} 23. Qf6 {[%emt 0:11:25]} Qe7 {[%emt 0:00:45]} 24. Qd4 {[%emt 0:01:50]} Kd7 {[%emt 0:00:50]} 25. Kf1 {[%emt 0:01:11]} Rgc8 {[%emt 0:01:04]} 26. b3 {[%emt 0:00:47]} Rf8 {[%emt 0:01:13]} 27. Rh3 {[%emt 0:00:25]} Rg8 {[%emt 0:03:43]} 28. Rh7 {[%emt 0:02:36]} Kc8 {[%emt 0:01:16]} 29. Re3 {[%emt 0:01:34]} Kb8 {[%emt 0:00:43]} 30. c4 {[%emt 0:02:45]} a5 {[%emt 0:01:30]} 31. Rg3 {[%emt 0:02:13]} Rg6 {[%emt 0:00:42]} 32. Rgh3 {[%emt 0:01:20]} Rc5 {[%emt 0:00:29]} 33. Rh8+ {[%emt 0:02:17]} Kc7 {[%emt 0:01:08]} 34. Ra8 {[%emt 0:01:28]} e5 {[%emt 0:00:52]} 35. Qe3 {[%emt 0:01:18]} Re6 {[%emt 0:00:44]} 36. Rhh8 {[%emt 0:02:37]} exf4 {[%emt 0:00:51]} 37. Qd2 {[%emt 0:00:35]} f3 {[%emt 0:01:09]} 38. Rhc8+ {[%emt 0:01:20]} Kb6 {[%emt 0:00:26]} 39. Rxc5 {[%emt 0:00:14]} Kxc5 {[%emt 0:00:32]} 40. Qxa5+ {[%emt 0:00:52]} Kc6 {[%emt 0:00:35]} 41. Rc8+ {Kd5} 1-0

[Event "Schachfestival IM 2018"]
[Site "Lueneburg"]
[Date "2018.07.05"]
[Round "1"]
[White "Pubantz, Jan"]
[Black "Simantsev, Mikhail"]
[Result "0-1"]
[WhiteElo "1997"]
[BlackElo "2434"]
[Annotator "ChessBase"]
[PlyCount "82"]
[EventDate "2018.07.05"]
[EventType "tourn"]
[EventCountry "GER"]
[SourceTitle "playchess.com"]
[Source "ChessBase"]
[SourceQuality "1"]
[TimeControl "40/5400+30:1800+30"]

1. d4 {[%emt 0:00:00]} Nf6 {[%emt 0:00:00]} 2. c4 {[%emt 0:00:00]} e6 {[%emt 0:00:48]} 3. Nf3 {[%emt 0:00:00]} c5 {[%emt 0:06:17]} 4. Nc3 {[%emt 0:04:06]} cxd4 {[%emt 0:01:23]} 5. Nxd4 {[%emt 0:00:08]} a6 {[%emt 0:00:03]} 6. g3 {[%emt 0:05:29]} Qc7 {[%emt 0:01:50]} 7. Qd3 {[%emt 0:06:59]} Nc6 {[%emt 0:10:17]} 8. Nxc6 {[%emt 0:03:36]} Qxc6 {[%emt 0:02:03]} 9. e4 {[%emt 0:01:52]} b6 {[%emt 0:25:28]} 10. Bg2 {[%emt 0:00:48]} Bb7 {[%emt 0:05:21]} 11. O-O {[%emt 0:00:28]} Rc8 {[%emt 0:01:11]} 12. b3 {[%emt 0:14:54]} b5 {[%emt 0:05:32]} 13. Rb1 {[%emt 0:00:07]} b4 {[%emt 0:04:02]} 14. Ne2 {[%emt 0:02:59]} Bc5 {[%emt 0:03:18]} 15. Be3 {[%emt 0:11:23]} d6 {[%emt 0:06:08]} 16. Nd4 {[%emt 0:15:16]} Qb6 {[%emt 0:00:49]} 17. Rfd1 {[%emt 0:04:34]} Ng4 {[%emt 0:01:48]} 18. h3 {[%emt 0:11:31]} Nxe3 {[%emt 0:00:04]} 19. fxe3 {[%emt 0:00:16]} O-O {[%emt 0:00:07]} 20. Kh2 {[%emt 0:00:20]} g6 {[%emt 0:03:33]} 21. Rf1 {[%emt 0:01:30]} Kg7 {[%emt 0:03:51]} 22. Rf2 {[%emt 0:01:05]} e5 {[%emt 0:03:00]} 23. Nc2 {[%emt 0:00:50]} Bc6 {[%emt 0:01:26]} 24. Rbf1 {[%emt 0:00:38]} f6 {[%emt 0:00:01]} 25. h4 {[%emt 0:04:08]} Qb7 {[%emt 0:03:18]} 26. Ne1 {[%emt 0:03:57]} h5 {[%emt 0:04:10]} 27. Re2 {[%emt 0:01:28]} Rc7 {[%emt 0:01:01]} 28. Qc2 {[%emt 0:00:57]} a5 {[%emt 0:02:06]} 29. Bf3 {[%emt 0:02:36]} Rcf7 {[%emt 0:00:20]} 30. Bg2 {[%emt 0:01:29]} f5 {[%emt 0:01:51]} 31. exf5 {[%emt 0:00:28]} Rxf5 {[%emt 0:00:10]} 32. Rxf5 {[%emt 0:00:53]} Rxf5 {[%emt 0:00:01]} 33. Bxc6 {[%emt 0:00:44]} Qxc6 {[%emt 0:00:01]} 34. Qd2 {[%emt 0:00:40]} Qe4 {[%emt 0:01:41]} 35. Ng2 {[%emt 0:00:21]} Rf3 {[%emt 0:02:00]} 36. Qe1 {[%emt 0:00:46]} Qf5 {[%emt 0:01:05]} 37. e4 {[%emt 0:00:35]} Qg4 {[%emt 0:00:35]} 38. Ne3 {[%emt 0:00:20]} Qxe4 {[%emt 0:00:24]} 39. Ng2 {[%emt 0:00:36]} Qf5 {[%emt 0:00:21]} 40. Ne3 {[%emt 0:00:32]} Bxe3 {[%emt 0:00:17]} 41. Rxe3 {[%emt 0:30:11]} Rf1 {[%emt 0:30:07]} 0-1

[Event "Schachfestival IM 2018"]
[Site "Lueneburg"]
[Date "2018.07.05"]
[Round "2"]
[White "Simantsev, Mikhail"]
[Black "Lubbe, Melanie"]
[Result "1/2-1/2"]
[WhiteElo "2434"]
[BlackElo "2332"]
[Annotator "ChessBase"]
[PlyCount "105"]
[EventDate "2018.07.05"]
[EventType "tourn"]
[EventCountry "GER"]
[SourceTitle "playchess.com"]
[Source "ChessBase"]
[SourceQuality "1"]
[TimeControl "40/5400+30:1800+30"]

1. d4 {[%emt 0:00:00]} Nf6 {[%emt 0:00:00]} 2. c4 {[%emt 0:00:00]} g6 {[%emt 0:00:00]} 3. Nc3 {[%emt 0:00:00]} Bg7 {[%emt 0:00:00]} 4. e4 {[%emt 0:00:00]} d6 {[%emt 0:00:00]} 5. Nf3 {[%emt 0:00:49]} O-O {[%emt 0:00:00]} 6. h3 {[%emt 0:00:02]} e5 {[%emt 0:00:20]} 7. d5 {[%emt 0:00:03]} Na6 {[%emt 0:00:41]} 8. Be3 {[%emt 0:01:47]} Kh8 {[%emt 0:00:45]} 9. g4 {[%emt 0:01:43]} Ng8 {[%emt 0:00:18]} 10. Rg1 {[%emt 0:14:16]} f5 {[%emt 0:05:28]} 11. gxf5 {[%emt 0:27:21]} gxf5 {[%emt 0:00:06]} 12. exf5 {[%emt 0:02:28]} Bxf5 {[%emt 0:05:17]} 13. Qd2 {[%emt 0:05:42]} Nb4 {[%emt 0:14:16]} 14. O-O-O {[%emt 0:02:11]} a5 {[%emt 0:18:28]} 15. a3 {[%emt 0:05:22]} Nc2 {[%emt 0:01:46]} 16. Bd3 {[%emt 0:07:32]} Bxd3 {[%emt 0:10:55]} 17. Qxd3 {[%emt 0:00:24]} Nxe3 {[%emt 0:01:13]} 18. Qxe3 {[%emt 0:00:11]} Qf6 {[%emt 0:01:56]} 19. Ng5 {[%emt 0:02:00]} Qxf2 {[%emt 0:05:53]} 20. Qd3 {[%emt 0:12:01]} Qf5 {[%emt 0:02:21]} 21. Ne6 {[%emt 0:02:22]} Bh6+ {[%emt 0:02:50]} 22. Kb1 {[%emt 0:03:23]} Qxd3+ {[%emt 0:03:00]} 23. Rxd3 {[%emt 0:00:01]} Rf7 {[%emt 0:02:02]} 24. c5 {[%emt 0:01:31]} dxc5 {[%emt 0:03:47]} 25. Nxc5 {[%emt 0:00:05]} b6 {[%emt 0:04:34]} 26. Ne6 {[%emt 0:00:44]} Bf4 {[%emt 0:09:05]} 27. Rf1 {[%emt 0:02:18]} Nh6 {[%emt 0:01:19]} 28. Ne4 {[%emt 0:02:41]} Re8 {[%emt 0:02:24]} 29. Rc3 {[%emt 0:01:16]} Nf5 {[%emt 0:01:36]} 30. Nxf4 {[%emt 0:02:18]} exf4 {[%emt 0:00:12]} 31. Rxf4 {[%emt 0:00:02]} Ref8 {[%emt 0:01:31]} 32. Ng5 {[%emt 0:00:59]} Rd7 {[%emt 0:00:27]} 33. Ne6 {[%emt 0:04:11]} Rff7 {[%emt 0:00:32]} 34. Rxc7 {[%emt 0:00:36]} Rxc7 {[%emt 0:00:38]} 35. Nxc7 {[%emt 0:00:02]} Kg7 {[%emt 0:01:39]} 36. Nb5 {[%emt 0:00:41]} Ne3 {[%emt 0:00:58]} 37. Rd4 {[%emt 0:00:27]} Kf6 {[%emt 0:01:28]} 38. Nc3 {[%emt 0:00:55]} Nf5 {[%emt 0:00:16]} 39. Re4 {[%emt 0:00:17]} Re7 {[%emt 0:00:31]} 40. Rxe7 {[%emt 0:00:28]} Kxe7 {[%emt 0:00:49]} 41. Kc2 {[%emt 0:30:30]} Kd6 {[%emt 0:02:26]} 42. Kd3 {[%emt 0:00:00]} Ke5 {[%emt 0:01:56]} 43. Na4 {[%emt 0:00:00]} b5 {[%emt 0:04:42]} 44. Nc3 {[%emt 0:00:00]} Nd6 {[%emt 0:05:50]} 45. b3 {[%emt 0:00:00]} h6 {[%emt 0:03:59]} 46. a4 {[%emt 0:00:00]} b4 {[%emt 0:04:57]} 47. Nd1 {[%emt 0:00:00]} Kxd5 {[%emt 0:00:25]} 48. Ne3+ {[%emt 0:00:00]} Kc5 {[%emt 0:01:03]} 49. Ng4 {[%emt 0:00:00]} Nf5 {[%emt 0:01:58]} 50. Nf6 {[%emt 0:04:35]} Nd4 {[%emt 0:03:10]} 51. Nd7+ {[%emt 0:00:15]} Kd5 {[%emt 0:00:11]} 52. Nb6+ {[%emt 0:00:34]} Kc5 {[%emt 0:00:08]} 53. Nd7+ {[%emt 0:00:16]} 1/2-1/2

[Event "Schachfestival IM 2018"]
[Site "Lueneburg"]
[Date "2018.07.05"]
[Round "2"]
[White "Sriram, Jha"]
[Black "Pubantz, Jan"]
[Result "1-0"]
[WhiteElo "2409"]
[BlackElo "1997"]
[Annotator "ChessBase"]
[PlyCount "95"]
[EventDate "2018.07.05"]
[EventType "tourn"]
[EventCountry "GER"]
[SourceTitle "playchess.com"]
[Source "ChessBase"]
[SourceQuality "1"]
[TimeControl "40/5400+30:1800+30"]

1. e4 {[%emt 0:00:37]} c5 {[%emt 0:02:05]} 2. Nc3 {[%emt 0:01:22]} d6 {[%emt 0:01:12]} 3. f4 {[%emt 0:01:40]} g6 {[%emt 0:02:32]} 4. Nf3 {[%emt 0:00:15]} Bg7 {[%emt 0:00:04]} 5. Bc4 {[%emt 0:03:46]} Nf6 {[%emt 0:00:46]} 6. O-O {[%emt 0:10:33]} O-O {[%emt 0:00:10]} 7. d3 {[%emt 0:00:20]} Nc6 {[%emt 0:00:11]} 8. Qe1 {[%emt 0:07:33]} e6 {[%emt 0:04:22]} 9. Bb3 {[%emt 0:05:50]} Nd4 {[%emt 0:05:00]} 10. Nxd4 {[%emt 0:03:03]} cxd4 {[%emt 0:00:06]} 11. Ne2 {[%emt 0:00:10]} Ng4 {[%emt 0:04:16]} 12. Qg3 {[%emt 0:01:26]} Ne3 {[%emt 0:00:27]} 13. Bxe3 {[%emt 0:00:19]} dxe3 {[%emt 0:00:04]} 14. d4 {[%emt 0:07:57]} Qb6 {[%emt 0:13:04]} 15. Rad1 {[%emt 0:10:07]} a5 {[%emt 0:22:35]} 16. Qxe3 {[%emt 0:06:24]} a4 {[%emt 0:10:23]} 17. Bc4 {[%emt 0:00:13]} e5 {[%emt 0:07:27]} 18. f5 {[%emt 0:05:01]} exd4 {[%emt 0:01:19]} 19. Nxd4 {[%emt 0:00:26]} Qc5 {[%emt 0:04:27]} 20. b3 {[%emt 0:05:29]} axb3 {[%emt 0:11:27]} 21. axb3 {[%emt 0:06:05]} Ra1 {[%emt 0:01:35]} 22. fxg6 {[%emt 0:07:06]} hxg6 {[%emt 0:00:10]} 23. c3 {[%emt 0:00:22]} Rxd1 {[%emt 0:01:10]} 24. Rxd1 {[%emt 0:00:02]} b5 {[%emt 0:04:40]} 25. Bd5 {[%emt 0:02:07]} Bg4 {[%emt 0:02:16]} 26. b4 {[%emt 0:01:17]} Qb6 {[%emt 0:00:29]} 27. Rf1 {[%emt 0:00:13]} Be6 {[%emt 0:00:36]} 28. Bxe6 {[%emt 0:00:51]} fxe6 {[%emt 0:00:13]} 29. Rxf8+ {[%emt 0:00:13]} Bxf8 {[%emt 0:00:05]} 30. e5 {[%emt 0:04:27]} d5 {[%emt 0:01:12]} 31. Qg5 {[%emt 0:01:38]} Bxb4 {[%emt 0:00:25]} 32. Qxg6+ {[%emt 0:00:18]} Kf8 {[%emt 0:00:15]} 33. Kf1 {[%emt 0:01:53]} Bxc3 {[%emt 0:00:52]} 34. Nxe6+ {[%emt 0:02:27]} Ke7 {[%emt 0:00:08]} 35. Qg7+ {[%emt 0:03:07]} Ke8 {[%emt 0:00:26]} 36. Qf8+ {[%emt 0:01:03]} Kd7 {[%emt 0:00:08]} 37. Nc5+ {[%emt 0:00:23]} Kc7 {[%emt 0:00:25]} 38. Qe7+ {[%emt 0:00:54]} Kc8 {[%emt 0:00:11]} 39. e6 {[%emt 0:01:17]} Bb4 {[%emt 0:01:28]} 40. Qd7+ {[%emt 0:00:06]} Kb8 {[%emt 0:00:08]} 41. Qe8+ {[%emt 0:30:49]} Kc7 {[%emt 0:01:30]} 42. Qf7+ {[%emt 0:00:00]} Kd6 {[%emt 0:00:35]} 43. Qf8+ {[%emt 0:00:00]} Kc7 {[%emt 0:02:33]} 44. Qf4+ {[%emt 0:00:00]} Qd6 {[%emt 0:02:34]} 45. Qxb4 {[%emt 0:00:00]} Kc6 {[%emt 0:04:18]} 46. h3 {[%emt 0:00:00]} Qf8+ {[%emt 0:00:14]} 47. Kg1 {[%emt 0:00:00]} Qf6 {[%emt 0:00:21]} 48. Nb3 {[%emt 0:00:00]} 1-0

[Event "Schachfestival IM 2018"]
[Site "Lueneburg"]
[Date "2018.07.05"]
[Round "2"]
[White "Fuchs, Judith"]
[Black "Wenzel, Birger"]
[Result "1/2-1/2"]
[WhiteElo "2289"]
[BlackElo "2084"]
[Annotator "NA"]
[PlyCount "78"]
[EventDate "2018.07.05"]
[EventType "tourn"]
[EventCountry "GER"]
[SourceTitle "playchess.com"]
[Source "ChessBase"]
[SourceQuality "1"]
[TimeControl "40/5400+30:1800+30"]

1. b3 {[%emt 0:00:00]} Nf6 {[%emt 0:00:00]} 2. Bb2 {[%emt 0:00:00]} c5 {[%emt 0:00:00]} 3. e3 {[%emt 0:00:00]} b6 {[%emt 0:00:00]} 4. Nf3 {[%emt 0:01:55]} e6 {[%emt 0:00:01]} 5. Be2 {[%emt 0:00:16]} Bb7 {[%emt 0:00:11]} 6. O-O {[%emt 0:01:34]} Be7 {[%emt 0:00:12]} 7. d3 {[%emt 0:04:57]} O-O {[%emt 0:01:20]} 8. Nbd2 {[%emt 0:00:16]} d6 {[%emt 0:01:40]} 9. h3 {[%emt 0:04:18]} Nbd7 {[%emt 0:01:17]} 10. Nh2 {[%emt 0:01:15]} Nd5 {[%emt 0:08:03]} 11. Bf3 {[%emt 0:04:07]} Qc7 {[%emt 0:00:34]} 12. c4 {[%emt 0:01:42]} N5f6 {[%emt 0:05:37]} 13. Bxb7 {[%emt 0:02:34]} Qxb7 {[%emt 0:00:17]} 14. f4 {[%emt 0:02:27]} Ne8 {[%emt 0:06:24]} 15. d4 {[%emt 0:04:59]} d5 {[%emt 0:04:18]} 16. cxd5 {[%emt 0:11:06]} Qxd5 {[%emt 0:02:00]} 17. Nhf3 {[%emt 0:11:35]} Nd6 {[%emt 0:03:09]} 18. Qe1 {[%emt 0:09:17]} cxd4 {[%emt 0:06:47]} 19. e4 {[%emt 0:05:12]} Qb7 {[%emt 0:01:50]} 20. Bxd4 {[%emt 0:02:21]} Nb5 {[%emt 0:01:49]} 21. Bb2 {[%emt 0:00:22]} Ba3 {[%emt 0:05:14]} 22. Bxa3 {[%emt 0:06:59]} Nxa3 {[%emt 0:02:22]} 23. Rc1 {[%emt 0:00:22]} Rac8 {[%emt 0:03:28]} 24. Nd4 {[%emt 0:00:37]} b5 {[%emt 0:06:07]} 25. N2f3 {[%emt 0:04:21]} b4 {[%emt 0:03:42]} 26. Qe2 {[%emt 0:03:29]} Rxc1 {[%emt 0:03:33]} 27. Rxc1 {[%emt 0:00:02]} Rc8 {[%emt 0:00:12]} 28. Re1 {[%emt 0:02:10]} Qc7 {[%emt 0:05:07]} 29. e5 {[%emt 0:00:17]} g6 {[%emt 0:05:01]} 30. Kh1 {[%emt 0:00:55]} Nb6 {[%emt 0:01:01]} 31. f5 {[%emt 0:03:18]} gxf5 {[%emt 0:04:22]} 32. Ng5 {[%emt 0:09:42]} h6 {[%emt 0:00:57]} 33. Qh5 {[%emt 0:00:59]} hxg5 {[%emt 0:00:48]} 34. Qxg5+ {[%emt 0:00:02]} Kf8 {[%emt 0:00:22]} 35. Qf6 {[%emt 0:01:38]} Kg8 {[%emt 0:08:28]} 36. Qg5+ {[%emt 0:00:06]} Kf8 {[%emt 0:00:07]} 37. Qf6 {[%emt 0:00:16]} Kg8 {[%emt 0:01:08]} 38. Qg5+ {[%emt 0:00:40]} Kf8 {[%emt 0:00:05]} 39. Qf6 {[%emt 0:00:03]} Kg8 {[%emt 0:03:36]} 1/2-1/2

[Event "Schachfestival IM 2018"]
[Site "Lueneburg"]
[Date "2018.07.05"]
[Round "2"]
[White "Kuberczyk, Christoph"]
[Black "Polster, Christian"]
[Result "0-1"]
[WhiteElo "2225"]
[BlackElo "2286"]
[Annotator "TA"]
[PlyCount "170"]
[EventDate "2018.07.05"]
[EventType "tourn"]
[EventCountry "GER"]
[SourceTitle "playchess.com"]
[Source "ChessBase"]
[SourceQuality "1"]

{[%evp 22,170,49,25,41,39,25,37,37,33,38,25,47,57,141,142,126,126,132,126,135,102,106,101,180,49,142,147,142,148,277,291,286,285,285,286,272,233,300,303,299,243,261,255,254,266,280,277,286,284,276,270,277,273,281,180,180,175,168,177,187,0,197,130,120,118,166,0,0,0,91,90,90,90,207,14,14,14,15,-386,-383,-375,-374,-383,-373,-332,-221,-214,-206,-347,-118,-164,-164,-197,-176,-321,-316,-280,-93,-102,0,-367,-379,-440,-436,-460,-376,-645,-612,-529,-456,-636,-444,-658,-625,-5704,-5812,-2308,-727,-1871,-1058,-2776,-1586,-5708,-1068,-2508,-1466,-1239,-704,-2408,-2077,-2435,-532,-12832,-12831,-12839,-12840,-12843,-12843,-12844,-12844,-12845,-12843,-12844,-12844,-12846,-12847,-12847,-12847,-12851,-29989]} 1. d4 Nf6 2. c4 e6 3. Nf3 c5 4. Nc3 a6 5. g3 cxd4 6. Nxd4 Nc6 7. Bg2 Be7 8. O-O O-O 9. Bf4 d5 10. cxd5 exd5 11. Rc1 Re8 12. Na4 Bd7 {D34: Tarrasch Defence: 6 g3 Nf6 7 Bg2 Be7} 13. Nb3 (13. Nxc6 Bxc6 14. Be3 Ng4 15. Bd4 Bf6 16. Nc3 Qa5 17. e3 Ne5 18. Nxd5 Bxd5 19. Rc5 Qxc5 20. Bxc5 {½-½ (60) Nikolaev,N (2356)-Gerasimov,Y (2298) Peterhof 2005}) 13... Bg4 14. h3 Bf5 {White is slightly better.} 15. Nbc5 $146 ({Predecessor:} 15. Nd4 Bd7 16. Nc3 Qb6 17. Nb3 Rad8 18. Na4 Qb5 19. Nac5 Bxc5 20. Nxc5 Ne4 21. Nxe4 dxe4 22. Bc7 Bg4 23. Bxd8 Bxe2 24. Qd7 Rxd8 25. Rxc6 Rf8 26. Rc7 {1-0 (26) Matveev,V (2222)-Sergienko,A (1953) Rybinsk 2010}) 15... b6 16. Nb3 Rc8 17. Be3 $36 {[%mdl 2048] White is more active.} b5 (17... Nb4 $1 $14) 18. Nb6 $16 Rc7 19. Nxd5 (19. Bxd5 $6 Nxd5 20. Qxd5 Bxh3 $11) 19... Rd7 {[%cal Rf6d5]} 20. Nxe7+ ({Much worse is} 20. Rxc6 $6 Nxd5 21. Qc1 Nb4 $11) 20... Nxe7 21. Qe1 Ned5 22. Bd2 Be4 (22... b4 $16 {is a better defense.}) 23. Ba5 (23. f3 $1 $18 {[%cal Rf3e4]} Bd3 24. Rf2) 23... Qa8 (23... Qb8 $1 $14) 24. f3 $1 {Strongly threatening Nc5.} Bd3 25. Rf2 Rde7 (25... Ne3 $16) 26. e4 $18 Nxe4 27. fxe4 Bxe4 28. Bxe4 Rxe4 29. Qd2 Ne3 30. Qd7 R4e7 31. Qd4 Nc4 32. Bc3 {[%csl Gc3][%cal Rd4g7]} Ne5 33. Rcf1 Rd7 34. Qf4 f6 {intending ...Nd3.} 35. Bxe5 Rxe5 36. Qf3 Qe8 37. Kh2 Re3 38. Qg4 {Threatens to win with Rxf6.} h5 39. Qf4 Re4 40. Qf3 Re3 41. Qf4 Re4 $1 {[%cal Re4f4]} 42. Qc1 (42. Qf5 $18 {And now Nc5 would win.} Re5 43. Qc2) 42... h4 $16 43. Rg1 Re3 44. Rfg2 $2 (44. Nd2 $1 $18) 44... Rdd3 $11 {aiming for ...Rxg3.} 45. Qc7 Re7 (45... Qe6 $1 $11 {remains equal.}) 46. Qf4 $16 Re4 47. Qf5 $1 Ree3 {[#]} (47... Rxg3 $16 {was called for.} 48. Qd5+ (48. Rxg3 hxg3+ 49. Rxg3 Re5 $16) 48... Kh8) 48. Nc1 $2 (48. Nc5 $1 $18 {[%cal Rc5d3]} hxg3+ 49. Rxg3 Re2+ 50. R3g2 Qb8+ 51. Kh1 Rxg2 52. Rxg2 (52. Kxg2 Qg3+ 53. Kh1 Qxh3+ 54. Qxh3 Rxh3+ 55. Kg2 Rh4 $16) 52... Rd1+ 53. Rg1) 48... hxg3+ $11 49. Kh1 Rd4 50. Rxg3 $2 {[%mdl 8192]} (50. Nb3 $11 Rdd3 51. Rf1) 50... Rxg3 $19 51. Rxg3 {Nd3 is the strong threat.} Qc6+ 52. Qf3 Rd1+ (52... Qxc1+ $2 53. Rg1 $19) 53. Kh2 Rxc1 54. Qxc6 Rxc6 {[%mdl 4096] Endgame KR-KR} 55. Rd3 (55. Ra3 $142) 55... Kf7 $2 (55... Rc2+ $19 {and Black stays clearly on top.} 56. Kg3 a5) 56. Kg3 Ke6 57. Re3+ Kf5 58. Kf3 {[#]} (58. h4 {keeps fighting.}) 58... g5 $1 59. Rd3 Rc5 $2 (59... Rc2 $19 60. Rb3 Ke5) 60. Ra3 $17 Rc6 (60... Rc2 $17 61. Rxa6 Rxb2) 61. Re3 $2 {[%mdl 8192]} (61. Rd3 $11) 61... a5 $19 62. Rb3 Rc5 63. Re3 Rc4 64. a3 $2 (64. Rd3 Ke6 65. Re3+ Kf7 66. Kg3) 64... Rf4+ {Black is clearly winning.} 65. Kg3 Re4 66. Rc3 Rc4 {Hoping for ...Rxc3+.} 67. Re3 (67. Rd3 $142 Ke5 68. Re3+ Kd4 69. Rb3) 67... b4 68. Kf3 Rf4+ 69. Kg3 Re4 (69... a4 $142 70. Kg2 Rc4 71. Rf3+ Kg6 72. axb4 Rxb4) 70. Rd3 bxa3 71. bxa3 Ke5 72. Kf3 Rf4+ (72... a4 $142 73. Kf2 Rc4 74. Re3+ Kd4) 73. Kg3 Rd4 74. Re3+ Re4 75. Rd3 f5 {[%cal Bf6f5,Bf5f4,Bf4f3,Bf3f2][%mdl 32]} 76. Rb3 Kd4 (76... a4 $142 77. Rb5+ Kf6) 77. Kf3 f4 78. Kg4 Re3 79. Rb5 Rg3+ 80. Kh5 f3 81. Rf5 Ke3 82. Re5+ Kf4 83. Rxa5 Rxh3+ 84. Kg6 f2 85. Rxg5 Rf3 {Precision: White = 38%, Black = 48%.} (85... Rxa3 $19 86. Rf5+ Kg3 87. Rg5+ Kf3) 0-1